00682cam a2200205 a 4500003000900000008004100009020001800050040002800068082002100096100003900117245007800156250001100234260005400245300001500299504004200314650003000356650003400386650002500420700003100445CO-ViMGA060607s2004 ck r 000 0 spa d a9789582007836 aCO-ViMGAbspacCO-ViMGA04a372.832bM142201 aMagendzo Kolestein, Abrahamd1934-10aFormación ciudadanacAbraham Magendzo KolesteinbCultura democrática  a20 ed. aBogotábCooperativa Editorial Magisterioc2004. a120 p.c24 aIncluye referencias bibliográficas.24aCiudadaníaxEnseñanza24aDerechos humanosxEnseñanza24aEducación cívica1 aAbraham Magendzo Kolestein